| 000 | 00464nam a2200145 a 4500 | ||
|---|---|---|---|
| 001 | 3447 | ||
| 003 | CDMR | ||
| 005 | 20130521164755.0 | ||
| 008 | 130130s1993||||||||||||||||||||||||||||d | ||
| 040 |
_aCDMR _bcat _cCPC GIRONA |
||
| 100 | 1 |
_aCodina, Lluís _92486 |
|
| 245 | 1 | 0 |
_aSistemes d'informació documental _b: concepció, anàlisi i disseny de sistemes de gestió documental amb microordinadors _cCodina, Lluís |
| 260 |
_c1993 _bPòrtic _aBarcelona |
||
| 942 |
_cMON _2udc |
||
| 999 |
_c3447 _d3447 |
||